000 01142nam a2200229Ia 4500
001 L195-1908
003 IT-CnALBA
008 170116s9999||||xx |||||||||||||| ||und||
040 _aIT-CnALBA
_cIT-CnALBA
041 _aITALIANO
100 _aPASCHINI PIO, MONS. DOTT.
245 0 _aVITA E OPERE DI GALILEO GALILEI. VOL. I.
250 _a1a ed.
260 _a S. C. V.
_bPONTIF. ACCAD. DELLE SCIENZE
_c1964 [1° Ed.: n.d.]
300 _a366 p.
500 _aCONCEZIONI SCIENTIFICHE DEL TEMPO DI GALILEI. INSEGNAMENTO DI GALILEI A PISA. SOGGIORNO A PADOVA. IL CANNOCCHIALE. SCOPERTE ASTRONOMICHE. DISCUSSIONI SULLE SCOPERTE DI GALILEI. VIAGGIO A ROMA. LE MACCHIE SOLARI. SENTENZA DEL 1616.
501 _aSocietà San Paolo EM - Piazza San Paolo, 14 - 12051 ALBA (CN) (non commercial uses only) ® Copyright 2017
520 _aCONCEZIONI SCIENTIFICHE DEL TEMPO DI GALILEI. INSEGNAMENTO DI GALILEI A PISA. SOGGIORNO A PADOVA. IL CANNOCCHIALE. SCOPERTE ASTRONOMICHE. DISCUSSIONI SULLE SCOPERTE DI GALILEI. VIAGGIO A ROMA. LE MACCHIE SOLARI. SENTENZA DEL 1616.
650 _aFILOSOFIA ITALIANA
942 _cBK
957 _71
999 _a2888
_bNO
_g Copie: 1
_c261125
_d261125